| 000 | 02673cam a22005774i 4500 | ||
|---|---|---|---|
| 003 | PE-LiUPU | ||
| 005 | 20250731170436.0 | ||
| 008 | 150625s1981 sp r 000 0 spa d | ||
| 035 | _a(Sirsi) a31748 | ||
| 040 |
_aPE-LiUPU _bspa _cPE-LiUPU _erda |
||
| 049 | _aPRUA | ||
| 082 | 0 | 4 |
_a155.4 _bZ94f |
| 100 |
_aZulliger, Hans _eautor. _91176 |
||
| 245 | 1 | 0 |
_aFundamnetos de psicoterapia infantil : _b(Un enfoque práctico) / _cHans Zulliger. |
| 250 | _aSegunda edición | ||
| 264 | 1 |
_aMadrid : _bMorata, _c1981. |
|
| 300 |
_a286 páginas : _c21 centímetros. |
||
| 336 |
_atext _2rdacontent |
||
| 337 |
_aunmediated _2rdamedia |
||
| 338 |
_avolume _2rdacarrier |
||
| 504 | _aBibliografía: páginas 269-286 | ||
| 505 | 0 | _aAportaciones a la psicología del juego infantil -- Lo que hay de magia en el juego de los niños -- El juego infantil productivo en la práctica psicoterapéutica -- El pensamiento mágico del niño como fundamento teórico de la técnica psicoanalítica del juego, pura o sin interpretación -- El símbolo y su significado en la psicoterapia infantil -- La "dactilocromia" en la educación de los niños pequeños y en la psicoterapia infantil -- Aspecto psicológico-social de la psicoterapia infantil -- Un niño "enfermo por influencias ambientales" -- Una asociación de tres ladrones menores de edad -- Fenómenos de psicología colectiva en una colonia escolar -- Reacciones psíquicas de los pueblos primitivos observadas en la colectividad infantil -- Observaciones de unos padres sobre la sexualidad de los párvulos -- El "secreto" de las muchachas en la pubertad -- Una pequeña embustera -- Sobre el psicoanálisis de una curación "relámpago" -- Sobre los embaucadores y los abandonados. | |
| 526 | _aSEG68 | ||
| 526 | _aSEG70 | ||
| 526 | _aSEG69 | ||
| 526 | _aSEG67 | ||
| 526 | _aSEG43 | ||
| 526 | _aP144 | ||
| 526 | _aP143 | ||
| 526 | _aP131 | ||
| 526 | _aP122 | ||
| 526 | _aP120 | ||
| 526 | _aP117 | ||
| 526 | _aP112 | ||
| 526 | _aP110 | ||
| 526 | _aP106 | ||
| 526 | _aP101 | ||
| 526 | _aP80 | ||
| 526 | _aP59 | ||
| 526 | _aP54 | ||
| 526 | _aP35 | ||
| 526 | _aP33 | ||
| 526 | _aP30 | ||
| 650 | 0 |
_aPicología infantil _91177 |
|
| 942 |
_2ddc _cBK |
||
| 949 |
_a155.4 Ps.N Z92 _wDEWEY _c1 _i36884 _lCCODEBUL1 _mBUL _p00.00 _r0 _sY _tBOOK _u2015-06-25 _xBIBLIOTECA _zUNKNOWN _0COMPRA _o.STAFF. Colección Ciencias de la Salud |
||
| 949 |
_a155.4 Ps.N Z92 _wDEWEY _c2 _i25501 _lCCODEBUL1 _mBUL _p00.00 _r0 _sY _tBOOK _u2015-06-25 _xBIBLIOTECA _zUNKNOWN _0COMPRA _o.STAFF. Colección General |
||
| 999 |
_c39330 _d39330 |
||
| 980 |
_81 _gALBERTO SANCHEZ Responsable de Automatización |
||